Library Logo

Pioneer International University Library Catalogue

HOW TO READ A FILM (Record no. 9925)

MARC details
000 -LEADER
fixed length control field 00410nam a22001577a 4500
003 - CONTROL NUMBER IDENTIFIER
control field OSt
005 - DATE AND TIME OF LATEST TRANSACTION
control field 20260204084913.0
008 - FIXED-LENGTH DATA ELEMENTS--GENERAL INFORMATION
fixed length control field 260204b |||||||| |||| 00| 0 eng d
020 ## - INTERNATIONAL STANDARD BOOK NUMBER
International Standard Book Number 9780195321050
040 ## - CATALOGING SOURCE
Transcribing agency OXFORD UNIVERSITY PRESS
050 ## - LIBRARY OF CONGRESS CALL NUMBER
Classification number PIUDLMUR920
245 ## - TITLE STATEMENT
Title HOW TO READ A FILM
Statement of responsibility, etc. MONACO, JAMES
250 ## - EDITION STATEMENT
Edition statement FOURTH ED
260 ## - PUBLICATION, DISTRIBUTION, ETC.
Place of publication, distribution, etc. NEW YORK
Name of publisher, distributor, etc. OXFORD UNIVERSITY EXPRESS
Date of publication, distribution, etc. 2009
942 ## - ADDED ENTRY ELEMENTS (KOHA)
Source of classification or shelving scheme Dewey Decimal Classification
Koha item type Books
Suppress in OPAC No
Holdings
Withdrawn status Lost status Source of classification or shelving scheme Damaged status Not for loan Home library Current library Date acquired Total checkouts Barcode Date last seen Price effective from Koha item type
    Library of Congress Classification     PIU Library PIU Library 02/04/2026   PIUDMUR920 02/04/2026 02/04/2026 Books